000 00234nam a2200097Ia 4500
008 230508s1998 xx 000 0 und d
041 _aeng
100 _aMAHAJAN M S , MALI
245 _aINDUSTRIAL ORG. AND SUPER. MNGT
260 _c1998
999 _c311163
_d311163